Theologiaæ dogmaticæ in systema redacte parsprior a Fr. (Record no. 10889)

MARC details
000 -CABECERA
campo de control de longitud fija 01485nam a22002537a 4500
001 - NÚMERO DE CONTROL
campo de control BRCA_9270
003 - IDENTIFICADOR DEL NÚMERO DE CONTROL
campo de control FranzMayer
005 - FECHA Y HORA DE LA ÚLTIMA TRANSACCIÓN
campo de control 20230719132518.0
008 - DATOS DE LONGITUD FIJA--INFORMACIÓN GENERAL
campo de control de longitud fija 230719b |||||||| |||| 00| 0 eng d
040 ## - FUENTE DE LA CATALOGACIÓN
Centro catalogador/agencia de origen MFM
Lengua de catalogación esp
Centro/agencia transcriptor MFM
050 #4 - SIGNATURA TOPOGRÁFICA DE LA BIBLIOTECA DEL CONGRESO
Número de clasificación LE46
Número de documento/Ítem P58 1797
110 1# - ENTRADA PRINCIPAL--NOMBRE DE ENTIDAD CORPORATIVA
Código de función/relación Responsable
Nombre de entidad corporativa o nombre de jurisdicción como elemento de entrada Pluribus mendis expurgata
9 (RLIN) 28861
240 1# - TÍTULO UNIFORME
Título uniforme Theologiaæ dogmaticæ in systema redacte parsprior a Fr.
Medio Petro Mar Gazzaniga Ordinis Prædicatorum in Vindibonensi Universitate Prosessore Publico in ulum suorum Auditorum edita
Lenguaje de la obra Latín
245 0# - MENCIÓN DE TÍTULO
Título Theologiaæ dogmaticæ in systema redacte parsprior a Fr.
Resto del título Petro Mar Gazzaniga Ordinis Prædicatorum in Vindibonensi Universitate Prosessore Publico in ulum suorum Auditorum edita
250 ## - MENCIÓN DE EDICIÓN
Mención de edición Tercera edición
Resto de la mención de edición Editio Tertia Veneta
260 ## - PUBLICACIÓN, DISTRIBUCIÓN, ETC.
Lugar de publicación, distribución, etc. Venecia, Italia
Nombre del editor, distribuidor, etc. Pluribus mendis expurgata
Fecha de publicación, distribución, etc. 1797
300 ## - DESCRIPCIÓN FÍSICA
Extensión 367 p
Dimensiones 19 cm
500 ## - NOTA GENERAL
Nota general Varias hojas del libro contienen daño por insectos o bacterias aunque no afectan el texto
500 ## - NOTA GENERAL
Nota general En el exterior del libro se encuentran cintas cortadas, originalmente para cerrar el libro pero ahora no tienen mucha utilidad.
505 0# - NOTA DE CONTENIDO CON FORMATO
Nota de contenido con formato Texto en: latínDirigido a: teólogos, historiadores, investigadores o cualquier persona creyente o con interés en la religión cristiana/católica.Incluye índice (temático)
650 1# - PUNTO DE ACCESO ADICIONAL DE MATERIA--TÉRMINO DE MATERIA
Fuente del encabezamiento o término Religión
Término de materia o nombre geográfico como elemento de entrada Religión cristiana
Subdivisión de forma Teología
9 (RLIN) 28862
651 2# - PUNTO DE ACCESO ADICIONAL DE MATERIA--NOMBRE GEOGRÁFICO
Fuente del encabezamiento o término Religión
Nombre geográfico Historia y principios de la religión
Subdivisión de forma Estudios religiosos
9 (RLIN) 28863
942 ## - ELEMENTOS DE PUNTO DE ACCESO ADICIONAL (KOHA)
Fuente del sistema de clasificación o colocación Library of Congress Classification
Tipo de ítem Koha Libros
Holdings
Estado de retiro Estado de pérdida Fuente del sistema de clasificación o colocación Estado dañado No para préstamo Código de colección Localización permanente Ubicación/localización actual Fecha de adquisición Fuente de adquisición Total de préstamos Signatura topográfica completa Código de barras Fecha visto por última vez Precio válido a partir de Tipo de ítem Koha
El ejemplar forma parte de la colección y puede ser consultado según las políticas vigentes.   Library of Congress Classification     Conventual Franz Mayer Biblioteca del Museo Franz Mayer (Rogerio Casas-Alatriste) Biblioteca del Museo Franz Mayer (Rogerio Casas-Alatriste) 19/07/2023 Donación   LE46 P58 1797 CFM00504 19/07/2023 19/07/2023 Libros